[Event "Aberto Brasil - II Niterói Chess Open "]
[Site "Salão de Convenções do Hot"]
[Date "2022.09.02"]
[Round "3.23"]
[White "Rego, Vinicius V. De Alme"]
[Black "Karoly, Carlos Acacio Gomes"]
[Result "1-0"]
[WhiteElo "2269"]
[BlackElo "1854"]
[PlyCount "77"]
[EventDate "2022.09.01"]
[EventRounds "9"]
[EventCountry "BRA"]

1. d4 Nf6 2. c4 g6 3. Nc3 Bg7 4. e4 d6 5. Be2 c5 6. d5 Na6 7. Nf3 O-O 8. O-O
Bg4 9. Ne1 Bxe2 10. Qxe2 Nc7 11. Bg5 a6 12. a4 b6 13. f4 Nd7 14. Nf3 f6 15. Bh4
Rb8 16. Bg3 b5 17. cxb5 axb5 18. axb5 Nb6 19. Rfd1 Ra8 20. Rab1 Nd7 21. f5 Qe8
22. b4 cxb4 23. Rxb4 gxf5 24. exf5 Ne5 25. Bxe5 fxe5 26. g4 Qb8 27. Ne4 Qb6+
28. Qf2 Rfb8 29. Qxb6 Rxb6 30. Nc3 Ra5 31. Rc4 Ra7 32. Rc6 Rab7 33. Rb1 e4 34.
Nxe4 Rxc6 35. dxc6 Rxb5 36. Rxb5 Nxb5 37. Neg5 Nc7 38. Ne6 Nxe6 39. fxe6 1-0

[Event "Aberto Brasil - II Niterói Chess Open "]
[Site "Salão de Convenções do Hot"]
[Date "2022.09.02"]
[Round "3.24"]
[White "Saraiva, Alexandre Pacheco"]
[Black "Loureiro, Luiz Vasconcellos"]
[Result "0-1"]
[WhiteElo "1882"]
[BlackElo "2334"]
[PlyCount "52"]
[EventDate "2022.09.01"]
[EventRounds "9"]
[EventCountry "BRA"]

1. d4 Nf6 2. Nf3 c5 3. e3 e6 4. c4 d5 5. Nc3 Nc6 6. cxd5 exd5 7. h3 a6 8. Be2
Bd6 9. O-O O-O 10. b3 Re8 11. Bb2 cxd4 12. Nxd4 Ne5 13. Rc1 Bc7 14. Ba3 Bd7 15.
Qc2 Rc8 16. Qb1 Bb8 17. Rfd1 g6 18. Bb2 Qe7 19. Bf1 h5 20. Re1 Qd6 21. f4 Nc6
22. Nf3 Ba7 23. Rcd1 Rxe3 24. Kh1 Rxe1 25. Nxe1 Qxf4 26. Nxd5 Qxf1+ 0-1

[Event "Aberto Brasil - II Niterói Chess Open "]
[Site "Salão de Convenções do Hot"]
[Date "2022.09.02"]
[Round "3.25"]
[White "Mesias Rojas, Rabindranath"]
[Black "Baeta, Marcio Netto"]
[Result "1-0"]
[WhiteElo "2227"]
[BlackElo "1799"]
[PlyCount "53"]
[EventDate "2022.09.01"]
[EventRounds "9"]
[EventCountry "BRA"]

1. e4 Nf6 2. e5 Nd5 3. d4 d6 4. c4 Nb6 5. exd6 cxd6 6. Nc3 g6 7. h3 Bg7 8. Nf3
O-O 9. Be2 Nc6 10. O-O Bf5 11. b3 e5 12. Be3 e4 13. Ne1 d5 14. c5 Nc8 15. Nc2
Be6 16. b4 f5 17. b5 N6e7 18. Qd2 Rf7 19. a4 Qf8 20. f4 exf3 21. Bxf3 f4 22.
Bf2 b6 23. Rae1 Bf5 24. Nxd5 Rb8 25. Ncb4 bxc5 26. dxc5 a5 27. Na6 1-0

[Event "Aberto Brasil - II Niterói Chess Open "]
[Site "Salão de Convenções do Hot"]
[Date "2022.09.02"]
[Round "3.26"]
[White "Macieira, Flavio Helmold"]
[Black "Ribeiro, Matheus Mendes Domi"]
[Result "0-1"]
[WhiteElo "1824"]
[BlackElo "2142"]
[PlyCount "38"]
[EventDate "2022.09.01"]
[EventRounds "9"]
[EventCountry "BRA"]

1. Nf3 e6 2. c4 d5 3. g3 Nf6 4. Bg2 d4 5. d3 c5 6. a3 Nc6 7. Nbd2 a6 8. Nh4 Be7
9. Rb1 O-O 10. O-O e5 11. Qc2 Bg4 12. Re1 a5 13. Kh1 Qd7 14. Bf3 Rfe8 15. Ng2
Rad8 16. Nf1 Bd6 17. h4 Bf5 18. Nh2 e4 19. dxe4 Nxe4 0-1

[Event "Aberto Brasil - II Niterói Chess Open "]
[Site "Salão de Convenções do Hot"]
[Date "2022.09.02"]
[Round "3.28"]
[White "Lopes, Artur Farias"]
[Black "Carlos, Roberta Souto"]
[Result "1-0"]
[WhiteElo "2037"]
[BlackElo "1686"]
[PlyCount "105"]
[EventDate "2022.09.01"]
[EventRounds "9"]
[EventCountry "BRA"]

1. Nf3 c5 2. b3 Nc6 3. Bb2 Nf6 4. g3 g6 5. c4 Bg7 6. Bg2 O-O 7. Nc3 d6 8. O-O
Bf5 9. d4 cxd4 10. Nxd4 Qd7 11. Nxf5 Qxf5 12. e4 Qa5 13. Qd2 Rac8 14. Rfd1 Rfd8
15. Bh3 Ne5 16. Qe2 Rc7 17. Nb5 Rc6 18. b4 Qxb4 19. Bxe5 Rxc4 20. Rab1 Rxe4 21.
Rxb4 Rxe2 22. Bxf6 Bxf6 23. Nxa7 Rxa2 24. Rxb7 Ra8 25. Nc6 Ra1 26. Rxa1 Rxa1+
27. Bf1 Kf8 28. Kg2 Rc1 29. Bb5 Rc3 30. h3 Rb3 31. Na5 Rb2 32. Nc4 Rc2 33. Ne3
Rd2 34. Bc4 Bd4 35. Kf3 Bxe3 36. fxe3 Rc2 37. Bd3 Rc5 38. Bb5 Re5 39. Bd7 Kg7
40. Kf4 g5+ 41. Kf3 h6 42. g4 Kf6 43. Rb8 Kg7 44. Re8 f6 45. Bf5 h5 46. Bd3
hxg4+ 47. hxg4 Kf7 48. Rh8 Ke6 49. Rh7 Kd5 50. Bf5 Kc5 51. Rh8 Kd5 52. Rc8 e6
53. Bd3 1-0

[Event "Aberto Brasil - II Niterói Chess Open "]
[Site "Salão de Convenções do Hot"]
[Date "2022.09.02"]
[Round "3.29"]
[White "Rodrigues, Julliano De Araujo"]
[Black "Silva, Caio Henrique Angel"]
[Result "0-1"]
[WhiteElo "1829"]
[BlackElo "1959"]
[PlyCount "92"]
[EventDate "2022.09.01"]
[EventRounds "9"]
[EventCountry "BRA"]

1. e4 c6 2. d4 d5 3. e5 c5 4. dxc5 e6 5. a3 Bxc5 6. b4 Be7 7. Qg4 g6 8. Nf3 a5
9. Bd2 axb4 10. Bxb4 Nc6 11. Bb5 Qb6 12. Bxc6+ bxc6 13. Bxe7 Nxe7 14. O-O Ba6
15. Rc1 Nf5 16. Nbd2 O-O 17. h4 h5 18. Qg5 Bb5 19. c4 Bxc4 20. Nxc4 dxc4 21.
Rxc4 Qb5 22. Rac1 Rxa3 23. Rxc6 Ra1 24. Qf6 Qb2 25. Rxa1 Qxa1+ 26. Kh2 Qa4 27.
Rc7 Nh6 28. Qg5 Ng4+ 29. Kg3 Qa2 30. Nd2 Qa5 31. Rc1 Qa3+ 32. Nf3 Nxe5 33. Qe3
Qxe3 34. fxe3 Ng4 35. Rc3 Rb8 36. e4 Rb4 37. Ng5 Nf6 38. Kf3 Rb7 39. Rc8+ Kg7
40. Rc3 Ng4 41. Kf4 Re7 42. e5 Rb7 43. Rc4 Rb5 44. Nf3 Rb2 45. g3 Rf2 46. Ke4
Rxf3 0-1

[Event "Aberto Brasil - II Niterói Chess Open "]
[Site "Salão de Convenções do Hot"]
[Date "2022.09.02"]
[Round "3.30"]
[White "Tsai, Roberto Gong Wei"]
[Black "Medeiros, Thauane Ferreira"]
[Result "0-1"]
[WhiteElo "1790"]
[BlackElo "1905"]
[PlyCount "72"]
[EventDate "2022.09.01"]
[EventRounds "9"]
[EventCountry "BRA"]

1. b3 d5 2. Bb2 Nf6 3. g3 e6 4. Bg2 Be7 5. Nf3 O-O 6. d4 Nbd7 7. Nbd2 Rb8 8.
O-O b5 9. c3 c5 10. Qc2 Ba6 11. Rfe1 Qb6 12. e4 dxe4 13. Nxe4 cxd4 14. Nxd4
Rbc8 15. Rad1 Rfd8 16. Ng5 Nf8 17. Qe2 Bc5 18. b4 Bxd4 19. Rxd4 Rxd4 20. cxd4
Bb7 21. d5 Bxd5 22. Bxf6 gxf6 23. Ne4 Bxe4 24. Bxe4 Ng6 25. h4 f5 26. Bd3 a6
27. h5 Ne7 28. g4 Qd4 29. gxf5 Nxf5 30. Be4 Rc4 31. Kh1 Kf8 32. Bxf5 Qh4+ 33.
Kg1 Qg5+ 34. Kf1 Qxf5 35. Qd2 Qh3+ 36. Ke2 Qxh5+ 0-1

[Event "Aberto Brasil - II Niterói Chess Open "]
[Site "Salão de Convenções do Hot"]
[Date "2022.09.02"]
[Round "3.32"]
[White "Costa, Carlos Evanir"]
[Black "Dioscanio, Rafael Cacador"]
[Result "1-0"]
[WhiteElo "2224"]
[BlackElo "1787"]
[PlyCount "49"]
[EventDate "2022.09.01"]
[EventRounds "9"]
[EventCountry "BRA"]

1. d4 Nf6 2. Nf3 e6 3. c4 d5 4. g3 c6 5. Bg2 Be7 6. O-O O-O 7. Qc2 Nbd7 8. Nbd2
b6 9. e4 dxe4 10. Nxe4 Ba6 11. Nxf6+ Bxf6 12. Re1 Rc8 13. Bf4 g5 14. Bd6 Re8
15. Ne5 c5 16. Be4 Nf8 17. dxc5 Bxe5 18. Bxe5 Rxc5 19. Rad1 Qc8 20. Bf6 Bxc4
21. Qd2 Ng6 22. b4 Rf5 23. Bxf5 exf5 24. Rxe8+ Qxe8 25. Qxg5 1-0

[Event "Aberto Brasil - II Niterói Chess Open "]
[Site "Salão de Convenções do Hot"]
[Date "2022.09.02"]
[Round "3.33"]
[White "Viana, Dirceu"]
[Black "Moyses Sobrinho, Elias"]
[Result "1-0"]
[WhiteElo "2190"]
[BlackElo "1793"]
[PlyCount "83"]
[EventDate "2022.09.01"]
[EventRounds "9"]
[EventCountry "BRA"]

1. Nf3 Nf6 2. c4 g6 3. b3 Bg7 4. Bb2 O-O 5. g3 d5 6. Bg2 c6 7. O-O Bf5 8. d3
Qd7 9. Re1 Bh3 10. Bh1 h6 11. Nbd2 Ng4 12. Bxg7 Kxg7 13. Qc2 d4 14. b4 e5 15.
Rab1 Qf5 16. Ne4 Nd7 17. Nd6 Qh5 18. Nxb7 f5 19. Nd6 f4 20. Ne4 Ndf6 21. Ned2
fxg3 22. hxg3 Nh7 23. Qa4 Rf7 24. Qxc6 Raf8 25. b5 Ng5 26. b6 axb6 27. Rxb6
Nxf3+ 28. exf3 Nf6 29. Rb7 Qg5 30. Rxf7+ Rxf7 31. Ne4 Nxe4 32. Qxe4 Kf6 33. f4
Qf5 34. Qxe5+ Qxe5 35. fxe5+ Ke7 36. Bd5 Be6 37. Re4 Rf5 38. Bxe6 Kxe6 39. Rxd4
g5 40. Rd6+ Ke7 41. d4 h5 42. Rf6 1-0

[Event "Aberto Brasil - II Niterói Chess Open "]
[Site "Salão de Convenções do Hot"]
[Date "2022.09.02"]
[Round "3.34"]
[White "Freitas, Andre Henrique Lemo"]
[Black "Carneiro, Luis Guilherme Rosa"]
[Result "0-1"]
[WhiteElo "2184"]
[BlackElo "1789"]
[PlyCount "138"]
[EventDate "2022.09.01"]
[EventRounds "9"]
[EventCountry "BRA"]

1. Nf3 Nf6 2. d4 e6 3. c4 Bb4+ 4. Bd2 Bxd2+ 5. Nbxd2 d5 6. g3 O-O 7. Bg2 Nbd7
8. O-O c5 9. cxd5 Nxd5 10. e4 N5f6 11. e5 Nd5 12. Ne4 Qb6 13. dxc5 Nxc5 14. Qd4
Nxe4 15. Qxe4 Qxb2 16. Ng5 f5 17. exf6 Nxf6 18. Qc4 Qe5 19. f4 Qe3+ 20. Kh1 Ng4
21. Qc2 Nf6 22. Rfe1 Qb6 23. Rab1 Qd6 24. Rbd1 Qb6 25. Rb1 Qd6 26. Re5 h6 27.
Ne4 Nxe4 28. Bxe4 Rb8 29. Rd1 Qb6 30. Qd3 Qc7 31. Qf3 b6 32. Qg4 Bd7 33. Qg6
Rf6 34. Qg4 Bc6 35. Qe2 Bxe4+ 36. Qxe4 Qb7 37. Rd8+ Kf7 38. Rxb8 Qxb8 39. Qc4
Qb7+ 40. Kg1 Qd7 41. Re2 Rf5 42. g4 Rc5 43. Qe4 Qd5 44. Qe3 Ra5 45. f5 Qc5 46.
fxe6+ Ke7 47. Qxc5+ Rxc5 48. Kf2 Rc6 49. Kf3 Rxe6 50. Rc2 a5 51. Rc7+ Kf6 52.
Rb7 g6 53. h4 Ke5 54. a4 Kd5 55. g5 hxg5 56. hxg5 Kc6 57. Rh7 Rd6 58. Rh4 Kc5
59. Ke3 b5 60. axb5 Kxb5 61. Ke4 a4 62. Ke5 Rc6 63. Rh1 a3 64. Rb1+ Ka4 65. Kd5
a2 66. Ra1 Rc2 67. Re1 Ka3 68. Ke6 Rf2 69. Re3+ Kb2 0-1

[Event "Aberto Brasil - II Niterói Chess Open "]
[Site "Salão de Convenções do Hot"]
[Date "2022.09.02"]
[Round "3.35"]
[White "Dias, Simao Poscidonio"]
[Black "De Almeida, Roberto A. Ferreira"]
[Result "1-0"]
[WhiteElo "2060"]
[BlackElo "1776"]
[PlyCount "59"]
[EventDate "2022.09.01"]
[EventRounds "9"]
[EventCountry "BRA"]

1. e4 c5 2. Nf3 Nc6 3. d4 cxd4 4. Nxd4 a6 5. Bc4 e6 6. O-O Bc5 7. Nb3 Bb6 8.
Re1 d6 9. Nc3 Ne5 10. Be2 Qc7 11. Bf4 Bd7 12. Qd2 O-O-O 13. a4 Bc6 14. Nb5 Qe7
15. Qc3 f6 16. a5 Bc7 17. Bxe5 fxe5 18. Na7+ Kd7 19. Nxc6 bxc6 20. Bxa6 Rb8 21.
Rad1 Nf6 22. Qxe5 Ke8 23. Qc3 Qd7 24. Bc4 Kf7 25. Nc5 Qe7 26. Nxe6 Ke8 27. Bb3
Rxb3 28. Nxc7+ Qxc7 29. Qxb3 Ng4 30. Qe6+ 1-0

[Event "Aberto Brasil - II Niterói Chess Open "]
[Site "Salão de Convenções do Hot"]
[Date "2022.09.02"]
[Round "3.36"]
[White "Cardoso, Marcio De Lucca"]
[Black "Marcolino, Daniel Mattos"]
[Result "1-0"]
[WhiteElo "1802"]
[BlackElo "2030"]
[PlyCount "65"]
[EventDate "2022.09.01"]
[EventRounds "9"]
[EventCountry "BRA"]

1. e4 c6 2. d4 d5 3. e5 c5 4. dxc5 e6 5. a3 Bxc5 6. b4 Be7 7. Bb2 Nd7 8. Nf3 a5
9. c3 Qc7 10. Bb5 Nh6 11. O-O O-O 12. Re1 f6 13. exf6 Nxf6 14. Nbd2 Bd6 15. Qe2
Nf7 16. c4 axb4 17. axb4 Rxa1 18. Rxa1 Bxb4 19. cxd5 exd5 20. Rc1 Qf4 21. h3
Nd6 22. Be5 Qh6 23. Bxd6 Bxd6 24. Rxc8 Ne4 25. Rxf8+ Kxf8 26. Nxe4 dxe4 27.
Qxe4 Qc1+ 28. Ne1 Be7 29. Kf1 g6 30. Qxb7 Bb4 31. Qe4 Bc5 32. g3 Qb2 33. Qe2
1-0

[Event "Aberto Brasil - II Niterói Chess Open "]
[Site "Salão de Convenções do Hot"]
[Date "2022.09.02"]
[Round "3.37"]
[White "Cardoso, Lucca Pimenta"]
[Black "Urquiza, Marcello De Albuque"]
[Result "0-1"]
[WhiteElo "1780"]
[BlackElo "2018"]
[PlyCount "115"]
[EventDate "2022.09.01"]
[EventRounds "9"]
[EventCountry "BRA"]

1. d4 d5 2. c4 c6 3. Nc3 Nf6 4. e3 e6 5. Nf3 Nbd7 6. Bd3 Be7 7. O-O O-O 8. b3
b6 9. Bb2 Bb7 10. Rc1 c5 11. Ne5 Ne4 12. cxd5 Nxc3 13. Bxc3 cxd4 14. exd4 Nxe5
15. dxe5 Qxd5 16. Qf3 Qxf3 17. gxf3 Bxf3 18. Rfe1 Bg5 19. Rc2 Rac8 20. Bb4 Rxc2
21. Bxc2 Rc8 22. Be4 Bg4 23. Kg2 a5 24. Bd6 Bd2 25. Rb1 Bf4 26. b4 a4 27. b5
Rc4 28. Re1 Bd2 29. Bd3 Rd4 30. Re4 Rxe4 31. Bxe4 Be2 32. Bc6 Bc4 33. a3 Bc3
34. f4 f6 35. Kf3 Kf7 36. Ke4 f5+ 37. Ke3 g6 38. Bc7 Ba5 39. Kd4 Bb3 40. Ke3
Bd1 41. Bd8 Bb3 42. Kd4 Ba2 43. Ke3 Bb3 44. Kd4 h6 45. Kd3 Bd5 46. Kd4 Bxc6 47.
bxc6 Ke8 48. Bc7 g5 49. fxg5 hxg5 50. Kd3 Ke7 51. Kd4 g4 52. Ke3 Bc3 53. Bd6+
Kd8 54. Kd3 Bb2 55. Ke2 Bd4 56. Kf1 Bc5 57. Bxc5 bxc5 58. Ke2 0-1

[Event "Aberto Brasil - II Niterói Chess Open "]
[Site "Salão de Convenções do Hot"]
[Date "2022.09.02"]
[Round "3.38"]
[White "Santos Filho, Tadeu Sousa"]
[Black "Melo, Igor De Souza"]
[Result "1-0"]
[WhiteElo "2015"]
[BlackElo "1741"]
[PlyCount "157"]
[EventDate "2022.09.01"]
[EventRounds "9"]
[EventCountry "BRA"]

1. e4 c5 2. Nf3 g6 3. Nc3 Bg7 4. Bc4 Nc6 5. d3 e6 6. O-O Nge7 7. a3 O-O 8. Ba2
d5 9. Qe2 d4 10. Nb1 b5 11. Nbd2 a5 12. h3 Ba6 13. a4 Nb4 14. Bb3 Qc7 15. axb5
Bxb5 16. Qd1 a4 17. Bc4 Bc6 18. Nb1 Ra7 19. Na3 Rb8 20. Nh2 Nc8 21. Nf3 Nb6 22.
Nb5 Bxb5 23. Bxb5 Ra5 24. Bc4 Nxc4 25. dxc4 Ra7 26. Ne1 Qb7 27. f3 Qe7 28. f4
f5 29. Qe2 Rbb7 30. Rf3 Qd7 31. e5 Rb8 32. g4 Qb7 33. gxf5 exf5 34. Rfa3 Rba8
35. Nd3 Qe4 36. Qd1 Qc6 37. Bd2 g5 38. b3 Nxd3 39. cxd3 gxf4 40. Rxa4 Rxa4 41.
Rxa4 Bxe5 42. Rxa8+ Qxa8 43. Qe2 Qb8 44. Qg2+ Kh8 45. Qd5 Qg8+ 46. Qxg8+ Kxg8
47. b4 cxb4 48. Bxb4 Kf7 49. Kg2 Kg6 50. Kf3 Kg5 51. Be7+ Kg6 52. Bd8 Kf7 53.
Bg5 Ke6 54. Bxf4 Bf6 55. Bg3 Be5 56. h4 Bf6 57. h5 Be5 58. Bf4 Bf6 59. Ke2 Kd7
60. Kd2 Kc6 61. Kc2 Kd7 62. Kb3 Ke6 63. Kb4 Be5 64. Bxe5 Kxe5 65. Kb3 f4 66.
Kc2 f3 67. Kd2 Kf4 68. Ke1 Ke3 69. c5 Kxd3 70. c6 Ke3 71. c7 f2+ 72. Kf1 d3 73.
c8=Q h6 74. Qc3 Kf3 75. Qxd3+ Kg4 76. Kxf2 Kxh5 77. Qf5+ Kh4 78. Qg6 h5 79.
Qg3# 1-0

[Event "Aberto Brasil - II Niterói Chess Open "]
[Site "Salão de Convenções do Hot"]
[Date "2022.09.02"]
[Round "3.39"]
[White "Gomes, Pedro Pessoa"]
[Black "Carrillo Marval, Maria Angelica"]
[Result "1-0"]
[WhiteElo "2004"]
[BlackElo "1734"]
[PlyCount "90"]
[EventDate "2022.09.01"]
[EventRounds "9"]
[EventCountry "BRA"]

1. c4 Nf6 2. g3 g6 3. Nc3 Bg7 4. Bg2 c5 5. e4 Nc6 6. Nge2 d6 7. O-O O-O 8. d3
Bd7 9. h3 e5 10. f4 Qc8 11. Kh2 Ne8 12. Nd5 Nc7 13. Nxc7 Qxc7 14. f5 f6 15. Nc3
Ne7 16. g4 g5 17. a3 a6 18. b4 cxb4 19. axb4 Kh8 20. Be3 Be8 21. Rc1 Bf7 22. h4
Bh6 23. Qd2 Rg8 24. Rf3 a5 25. Nb5 Qd8 26. bxa5 Nc6 27. Bb6 Qf8 28. h5 Bxh5 29.
Bh3 Be8 30. Bg2 Bg7 31. Rh3 h6 32. Rh1 Nd8 33. Nc7 Rc8 34. Qb4 Nc6 35. Qb2 Bf7
36. Nb5 Qe7 37. Qa3 Bf8 38. Kg1 h5 39. Bf3 h4 40. Bf2 Kg7 41. Bxh4 gxh4 42.
Rxh4 Bg6 43. fxg6 Kxg6 44. Qa2 Bg7 45. g5 f5 1-0

[Event "Aberto Brasil - II Niterói Chess Open "]
[Site "Salão de Convenções do Hot"]
[Date "2022.09.02"]
[Round "3.40"]
[White "Boabaid, Jorge Alberto Duard"]
[Black "Lima, Vinicius Taishun"]
[Result "0-1"]
[WhiteElo "1780"]
[BlackElo "2002"]
[PlyCount "48"]
[EventDate "2022.09.01"]
[EventRounds "9"]
[EventCountry "BRA"]

1. e4 c5 2. d4 cxd4 3. c3 dxc3 4. Nxc3 Nc6 5. Nf3 e6 6. Bc4 a6 7. O-O b5 8. Bb3
Nge7 9. Bf4 Ng6 10. Bg3 Be7 11. Qe2 Na5 12. Bc2 O-O 13. Rad1 Bb7 14. Ne5 Nxe5
15. Bxe5 Nc4 16. Bxg7 Kxg7 17. e5 f5 18. exf6+ Rxf6 19. Rd4 Kh8 20. Qh5 Qg8 21.
Rg4 Qf7 22. Qh3 Rg8 23. Rd1 Rxg4 24. Qxg4 Bc5 0-1

[Event "Aberto Brasil - II Niterói Chess Open "]
[Site "Salão de Convenções do Hot"]
[Date "2022.09.02"]
[Round "3.41"]
[White "Flores, Clarice Soares Leit"]
[Black "Dianda, Joao Carlos"]
[Result "0-1"]
[WhiteElo "1767"]
[BlackElo "2000"]
[PlyCount "68"]
[EventDate "2022.09.01"]
[EventRounds "9"]
[EventCountry "BRA"]

1. d4 Nf6 2. c4 g6 3. Nc3 Bg7 4. e4 d6 5. Be2 O-O 6. Bg5 c5 7. d5 h6 8. Be3 e6
9. dxe6 Bxe6 10. Qd2 b5 11. cxb5 Qa5 12. f3 Rd8 13. Rd1 Nbd7 14. Kf2 h5 15. Nd5
Qxa2 16. Ne7+ Kh7 17. Nh3 Bxh3 18. gxh3 Ne5 19. Nc6 Nxc6 20. bxc6 Rac8 21. Ra1
Qe6 22. Qa5 Qxh3 23. Ba6 Rb8 24. Bb7 Re8 25. Ra4 d5 26. e5 d4 27. Bf4 Nd5 28.
Bg3 h4 29. Raa1 Kg8 30. Qxc5 hxg3+ 31. hxg3 Qe6 32. Rhe1 Ne3 33. Rec1 Qh3 34.
Rh1 Qg2+ 0-1

[Event "Aberto Brasil - II Niterói Chess Open "]
[Site "Salão de Convenções do Hot"]
[Date "2022.09.02"]
[Round "3.42"]
[White "Da Silva, Diogo Viana"]
[Black "Ramos, Angelo Bil"]
[Result "0-1"]
[WhiteElo "1750"]
[BlackElo "1996"]
[PlyCount "76"]
[EventDate "2022.09.01"]
[EventRounds "9"]
[EventCountry "BRA"]

1. d4 Nf6 2. c4 g6 3. Nc3 d5 4. Bf4 c5 5. e3 Qa5 6. dxc5 Bg7 7. Rc1 dxc4 8.
Bxc4 Nc6 9. Nf3 Qxc5 10. Bb3 Qa5 11. O-O O-O 12. h3 e5 13. Bg5 Bf5 14. Nd5 Nxd5
15. Bxd5 Rac8 16. Qb3 Qb6 17. Qxb6 axb6 18. e4 Bd7 19. a3 b5 20. Rfd1 Kh8 21.
Be3 f6 22. Rc5 Na5 23. Rdc1 Rxc5 24. Rxc5 Rc8 25. Rxc8+ Bxc8 26. Nd2 Bf8 27. b4
Nc6 28. Nb3 Ne7 29. Bc5 Kg7 30. Kf1 f5 31. Bd6 Nxd5 32. Bxe5+ Nf6 33. exf5 gxf5
34. f3 Kg6 35. Nd4 Bd7 36. g4 fxg4 37. hxg4 Nd5 38. f4 Ne3+ 0-1

[Event "Aberto Brasil - II Niterói Chess Open "]
[Site "Salão de Convenções do Hot"]
[Date "2022.09.02"]
[Round "3.43"]
[White "Marcolino, Antonio Claudio H."]
[Black "Simas, Breno Matos"]
[Result "1-0"]
[WhiteElo "1996"]
[BlackElo "1715"]
[PlyCount "171"]
[EventDate "2022.09.01"]
[EventRounds "9"]
[EventCountry "BRA"]

1. c4 c6 2. d4 d5 3. Nc3 Nf6 4. Nf3 dxc4 5. a4 Bf5 6. e3 e6 7. Bxc4 Bb4 8. O-O
O-O 9. Qe2 Ne4 10. Nxe4 Bxe4 11. Nd2 Bg6 12. Nb3 Nd7 13. e4 Nf6 14. Bg5 Be7 15.
e5 Nd5 16. Bxe7 Qxe7 17. f4 Qb4 18. Nc5 b5 19. axb5 Nb6 20. Rac1 Nxc4 21. Rxc4
Qxb5 22. b3 Rfd8 23. Qe3 h5 24. h3 Bf5 25. Qf3 h4 26. Qf2 Rab8 27. Rfc1 Qa5 28.
Qxh4 Qd2 29. Qf2 Qxf2+ 30. Kxf2 a5 31. Ra1 Rb5 32. Ke3 Rdb8 33. Ra3 Rd8 34.
Rca4 Ra8 35. b4 Bc2 36. Rxa5 Rab8 37. Rxb5 Rxb5 38. Kd2 Bf5 39. Kc3 Rb8 40. Ra6
Rc8 41. Ra7 Kf8 42. Nd7+ Ke8 43. Nb6 Rb8 44. Ra8 Rxa8 45. Nxa8 Be4 46. g3 c5
47. Nb6 cxb4+ 48. Kxb4 Bg2 49. h4 Bf3 50. Kc5 Ke7 51. d5 exd5 52. Nxd5+ Ke6 53.
Ne3 g6 54. Kd4 Ke7 55. g4 Kf8 56. f5 gxf5 57. gxf5 Kg7 58. Nf1 Bg2 59. Ng3 Bh3
60. Ke4 Bg2+ 61. Kf4 Bd5 62. Kg5 Bb3 63. Nh5+ Kg8 64. Nf6+ Kg7 65. Nd7 Ba2 66.
h5 Bb3 67. Nc5 Bc4 68. Ne4 Bb3 69. h6+ Kh7 70. Nf2 Bc4 71. Ng4 Bb3 72. Kf6 Kg8
73. e6 fxe6 74. fxe6 Ba4 75. e7 Bb5 76. Ke6 Ba4 77. Ne5 Be8 78. Nd7 Kh8 79. Nf6
Bg6 80. Ke5 Bf7 81. Kf4 Bg6 82. Kg5 Bf7 83. e8=Q+ Bxe8 84. Nxe8 Kg8 85. Kg6 Kh8
86. Nd6 1-0

[Event "Aberto Brasil - II Niterói Chess Open "]
[Site "Salão de Convenções do Hot"]
[Date "2022.09.02"]
[Round "3.44"]
[White "Da Silva, Joao Carlos Orguim"]
[Black "Okamura, Milton Kasuo"]
[Result "0-1"]
[WhiteElo "1747"]
[BlackElo "1993"]
[PlyCount "104"]
[EventDate "2022.09.01"]
[EventRounds "9"]
[EventCountry "BRA"]

1. c4 e5 2. e4 Nf6 3. d3 Bc5 4. g3 O-O 5. Bg2 d6 6. h3 Nc6 7. Ne2 Be6 8. O-O
Nd7 9. Nbc3 a6 10. Kh2 Rb8 11. f4 f6 12. f5 Bf7 13. g4 b5 14. b3 Nd4 15. Bd2 c6
16. Ng3 Nb6 17. h4 d5 18. cxd5 cxd5 19. g5 b4 20. Nce2 Nb5 21. Rc1 Qe7 22. gxf6
gxf6 23. Bh6 Rfc8 24. Ng1 Kh8 25. Bf3 Nc3 26. Qd2 Rg8 27. N1e2 Rbc8 28. Kh3 a5
29. Be3 Bxe3 30. Qxe3 d4 31. Qd2 a4 32. Qb2 Ra8 33. Ra1 Nd7 34. Nc1 Nc5 35. Bd1
Qb7 36. bxa4 Nxd1 37. Rxd1 Nxa4 38. Qf2 Nc3 39. Rd2 Ra6 40. Rb2 Rga8 41. Qc2
Qe7 42. Nge2 Ra3 43. Nxc3 dxc3 44. Rbb1 Qc5 45. Qe2 b3 46. Nxb3 Bxb3 47. Rf1
Rxa2 48. Rxa2 Rxa2 49. Qh5 Qe7 50. Rg1 Ra8 51. Qg4 Rg8 52. Qd1 Bxd1 0-1

[Event "Aberto Brasil - II Niterói Chess Open "]
[Site "Salão de Convenções do Hot"]
[Date "2022.09.02"]
[Round "3.45"]
[White "Ferreira, Marcone Fiuza"]
[Black "Campagnolo, Fabiola"]
[Result "1-0"]
[WhiteElo "1991"]
[BlackElo "1702"]
[PlyCount "85"]
[EventDate "2022.09.01"]
[EventRounds "9"]
[EventCountry "BRA"]

1. e4 c5 2. Nf3 a6 3. c4 Nc6 4. Nc3 g6 5. d4 cxd4 6. Nxd4 Bg7 7. Be3 d6 8. Qd2
Nf6 9. Nxc6 bxc6 10. f3 Rb8 11. Be2 O-O 12. O-O Bd7 13. Rfd1 Qa5 14. c5 Ne8 15.
Nd5 Qd8 16. Nb6 Bc8 17. Rab1 Be6 18. Qa5 Nc7 19. Qa4 Qe8 20. cxd6 exd6 21. Rxd6
Nb5 22. Rdd1 f5 23. Bc4 Rf7 24. Qb3 Bxc4 25. Qxc4 fxe4 26. fxe4 Kh8 27. a4 Re7
28. axb5 Rxe4 29. Qc5 Rxe3 30. bxc6 Bf8 31. Qd4+ Bg7 32. Qd7 Re7 33. Qxe8+
Rbxe8 34. Nd5 Re4 35. b3 Rc8 36. Rbc1 Bd4+ 37. Kh1 Be3 38. Rc3 Bd4 39. Rc4 Rce8
40. g3 Bg7 41. Rxe4 Rxe4 42. c7 Re8 43. Nb6 1-0

[Event "Aberto Brasil - II Niterói Chess Open "]
[Site "Salão de Convenções do Hot"]
[Date "2022.09.02"]
[Round "3.46"]
[White "Souza Dos Santos, Matheus Garcett"]
[Black "Fernandes, Joao Manoel Strauss"]
[Result "1/2-1/2"]
[WhiteElo "1988"]
[BlackElo "1688"]
[PlyCount "68"]
[EventDate "2022.09.01"]
[EventRounds "9"]
[EventCountry "BRA"]

1. e4 e5 2. Nf3 Nc6 3. Bb5 a6 4. Ba4 Nf6 5. O-O b5 6. Bb3 Be7 7. Re1 O-O 8. h3
d6 9. c3 Na5 10. Bc2 c5 11. d4 Qc7 12. Nbd2 Rd8 13. Nf1 cxd4 14. cxd4 exd4 15.
Nxd4 d5 16. e5 Ne4 17. f3 Bc5 18. fxe4 dxe4 19. Rxe4 Bb7 20. Be3 Nc6 21. Rh4 g6
22. Bb3 Nxd4 23. Rc1 Nf5 24. Rxc5 Qxc5 25. Bxc5 Rxd1 26. Rf4 Rc1 27. Bb4 Bc8
28. g4 Nh6 29. Bd2 Rc7 30. Rd4 Kg7 31. e6 Bxe6 32. Bc3 Kg8 33. Bd1 Rc4 34. Rd6
b4 1/2-1/2

[Event "Aberto Brasil - II Niterói Chess Open "]
[Site "Salão de Convenções do Hot"]
[Date "2022.09.02"]
[Round "3.47"]
[White "Hubner, Jessica Trindade"]
[Black "Cantarino Neto, Mario Ribeiro"]
[Result "0-1"]
[WhiteElo "1727"]
[BlackElo "1973"]
[PlyCount "168"]
[EventDate "2022.09.01"]
[EventRounds "9"]
[EventCountry "BRA"]

1. e4 e5 2. Nf3 Nc6 3. Bb5 a6 4. Ba4 Nf6 5. O-O Be7 6. Re1 b5 7. Bb3 d6 8. h3
Na5 9. c3 Nxb3 10. axb3 Bb7 11. d3 O-O 12. Nbd2 c5 13. Nf1 h6 14. Ng3 Re8 15.
Nf5 Bf8 16. Nh2 Kh7 17. f4 g6 18. Ng3 exf4 19. Bxf4 Bg7 20. Qd2 Qd7 21. Re2 a5
22. Rf1 a4 23. bxa4 Rxa4 24. Ref2 Re7 25. b3 Ra6 26. Be3 Ng8 27. h4 Qc7 28. Bf4
Bc8 29. Nf3 Be6 30. c4 Qb7 31. Be3 Nf6 32. e5 Nd7 33. exd6 Rxd6 34. Ne4 Rc6 35.
Nc3 bxc4 36. bxc4 Qb4 37. Nb5 Qxd2 38. Bxd2 Bf5 39. Ne1 Ne5 40. Bc3 Ng4 41. Rf4
Ne3 42. R1f3 Rce6 43. Bxg7 Kxg7 44. Nc3 Nxc4 45. dxc4 Rxe1+ 46. Kh2 Rc1 47. g4
Rc2+ 48. Kg3 Be6 49. g5 hxg5 50. hxg5 Ra7 51. Nb5 Raa2 52. Rf6 Rxc4 53. Nd6
Rg4+ 54. Kh3 Rxg5+ 55. Kh4 Rg4+ 56. Kh3 Rf4+ 57. Kg3 Rxf6 58. Ne8+ Kh6 59. Nxf6
Ra4 60. Ne8 Rb4 61. Kf2 Rb3 62. Rf4 Kg5 63. Re4 c4 64. Nc7 Rb2+ 65. Ke3 c3 66.
Nxe6+ fxe6 67. Rxe6 c2 68. Kd2 Kf5 69. Re8 g5 70. Rf8+ Ke4 71. Rg8 Kf4 72. Rf8+
Kg3 73. Rg8 g4 74. Kc1 Ra2 75. Rg7 Kf3 76. Rf7+ Kg2 77. Rg7 g3 78. Rg8 Kf2 79.
Rf8+ Kg1 80. Rg8 g2 81. Rf8 Ra1+ 82. Kxc2 Rf1 83. Rg8 Rf2+ 84. Kd3 Kf1 0-1